LEADER 00966nam a2200289 i 4500 001 991000265349707536 005 20241119173252.0 008 010810s1970 it er ||1 |dita d 035 $ab10053542-39ule_inst 035 $aPARLA218484$9ExL 040 $aBibl. Dip.le Aggr. Studi Umanistici - Sez. Filosofia$bita$dSocioculturale Scs 041 0 $aita 082 04$a142.7092$223 100 1 $aRaggiunti, Renzo$0154778 245 10$aIntroduzione a Husserl /$cRenzo Raggiunti 246 18$aHusserl 260 $aBari :$bLaterza,$c1970 300 $a143 p. ;$c18 cm. 490 1 $aI filosofi ;$v1 600 14$aHusserl, Edmund 830 2$aI filosofi ;$v1 907 $a.b10053542$b16-12-16$c27-06-02 912 $a991000265349707536 945 $aLE005 MF 16 G 30$g1$iLE005A-1328$lle005$o-$pE0.00$q-$rl$s-$t0$u0$v0$w0$x0$y.i10061794$z27-06-02 996 $aIntroduzione a Husserl$998208 997 $aUNISALENTO 998 $ale005$b01-01-01$cm$da$e-$fita$git$h0$i1